<?xml version="1.0" encoding="UTF-8"?>
<record
    xmlns:xsi="http://www.w3.org/2001/XMLSchema-instance"
    xsi:schemaLocation="http://www.loc.gov/MARC21/slim http://www.loc.gov/standards/marcxml/schema/MARC21slim.xsd"
    xmlns="http://www.loc.gov/MARC21/slim">

  <leader>01104nam a2200241 i 4500</leader>
  <controlfield tag="001">68395</controlfield>
  <controlfield tag="003">ES-MaACL</controlfield>
  <controlfield tag="005">20251109144904.0</controlfield>
  <controlfield tag="007">t|</controlfield>
  <controlfield tag="008">940202s1852    sp           ||||1| spa d</controlfield>
  <datafield tag="040" ind1=" " ind2=" ">
    <subfield code="a">CAM </subfield>
    <subfield code="b">spa</subfield>
  </datafield>
  <datafield tag="100" ind1="1" ind2=" ">
    <subfield code="a">Garcia Goyena, Florencio.</subfield>
    <subfield code="9">206357</subfield>
  </datafield>
  <datafield tag="245" ind1="1" ind2="0">
    <subfield code="a">Febrero, o Librer&#xED;a de jueces, abogados y escribanos </subfield>
    <subfield code="b">: comprensiva de los C&#xF3;digos civil, criminal y administrativo, tanto en la parte te&#xF3;rica como en la pr&#xE1;ctica... / </subfield>
    <subfield code="c">por... Florencio Garcia Goyena... y... Joaquin Aguirre ; corregida y aumentada por... Joaquin Aguirre y... Juan Manuel Montalban.</subfield>
  </datafield>
  <datafield tag="250" ind1=" " ind2=" ">
    <subfield code="a">4&#xAA; ed. </subfield>
    <subfield code="b">reformada y considerablemente aum. por D. Jos&#xE9; de Vicente y Caravantes.</subfield>
  </datafield>
  <datafield tag="260" ind1=" " ind2=" ">
    <subfield code="a">Madrid : </subfield>
    <subfield code="b">[s.n.], </subfield>
    <subfield code="c">1852 (</subfield>
    <subfield code="f">Imp. de Gaspar Roig)</subfield>
  </datafield>
  <datafield tag="300" ind1=" " ind2=" ">
    <subfield code="a">6 v. ; </subfield>
    <subfield code="c">24 cm.</subfield>
  </datafield>
  <datafield tag="700" ind1="1" ind2=" ">
    <subfield code="a">Montalb&#xE1;n, Juan Manuel,</subfield>
    <subfield code="d">1806-1889</subfield>
    <subfield code="9">82337</subfield>
  </datafield>
  <datafield tag="700" ind1="1" ind2=" ">
    <subfield code="a">Vicente y Caravantes, Jos&#xE9;, </subfield>
    <subfield code="d">ca. 1820-1880</subfield>
    <subfield code="9">133668</subfield>
  </datafield>
  <datafield tag="700" ind1="1" ind2=" ">
    <subfield code="a">Aguirre, Joaqu&#xED;n, </subfield>
    <subfield code="d">1807-1869</subfield>
    <subfield code="9">160954</subfield>
  </datafield>
  <datafield tag="740" ind1="0" ind2=" ">
    <subfield code="a">Librer&#xED;a de jueces, abogados y escribanos.</subfield>
  </datafield>
  <datafield tag="852" ind1=" " ind2=" ">
    <subfield code="a">ES-MaACL</subfield>
    <subfield code="j">G-14392-97</subfield>
  </datafield>
  <datafield tag="999" ind1=" " ind2=" ">
    <subfield code="c">68395</subfield>
    <subfield code="d">68395</subfield>
  </datafield>
  <datafield tag="952" ind1=" " ind2=" ">
    <subfield code="0">0</subfield>
    <subfield code="1">0</subfield>
    <subfield code="4">0</subfield>
    <subfield code="7">0</subfield>
    <subfield code="8">LIBXIX</subfield>
    <subfield code="a">ATENEOM</subfield>
    <subfield code="b">ATENEOM</subfield>
    <subfield code="c">SPP3</subfield>
    <subfield code="d">2008-01-17</subfield>
    <subfield code="e">SC</subfield>
    <subfield code="l">0</subfield>
    <subfield code="o">G-14392-97</subfield>
    <subfield code="p">1071596</subfield>
    <subfield code="r">2023-02-23 00:00:00</subfield>
    <subfield code="w">2023-02-23</subfield>
    <subfield code="y">MONANT</subfield>
  </datafield>
</record>
